Russian Presidents - Statistics

General Stats
  • This quiz has been taken 912 times
  • The average score is 3 of 5
Answer Stats
Hint Answer % Correct
1999-2008 Vladimir Putin
99%
2012-Present Vladimir Putin
99%
1991-1999 Boris Yeltsin
70%
2008-2012 Dmitry Medvedev
67%
1993 Alexsandr Rutskoy
8%
No matching quizzes found
Score Distribution
Percent of People with Each Score
Percentile by Number Answered
Your Score History
You have not taken this quiz